000 00387nam a2200169Ia 4500
008 170705s9999 xx 000 0 und d
020 _a440440629
245 _aIggie's house /
245 _cJudy Blume.
260 _aNew York :
260 _bDell Yearling Book,
260 _c1970
300 _a117 pages :
300 _bcolor illustration ;
300 _c19cm.
500 _a540
999 _c335936
_d335936